zpět

Detail výsledku týmu

Organza, Liberec

Datum a čas kvízu

26 Celkem bodů Celkový počet nahraných bodů na tomto kvízu bez doplňovacích otázek.
8. Pořadí na kvízu Konečné umístění týmu na tomto kvízu.

Zaznamenané odpovědi

# Otázka Odpověď Body Výsledky
1. V pátek přejel první vlak přes... Orlík 0
2. Během návštěvy Vladimira Putin... v Kazachstánu 1
3. Ve kterém roce byl zničen chrá... Dykuvzdání 0
4. Na závěr hledáme název českosl... o Německu 0
5. V pondělí byl potvrzen vstup n... B) Cadillac 1
6. Začneme mladším (a slavnějším)... R.U.R. 1
7. Josef Čapek byl především malí... A 0
8. Přiřaďte k těmto literárním dí... 1A 2B 3D 4C 0
9. Doplňte dvouslovný název třetí... Obyčejný život 0
10. Napište název románu, jehož zá... Válka s Mloky 0